00541nam#a22002055a#4500001000400000008004100004245005300045250001200098260003700110300002100147490003000168020001800198100002300216080001300239084000800252653002600260040002300286005001700309003000900326785081125s2007####sp#a###g######000#j#spa#d13aLos árboles mueren de pie /cAlejandro Casona. a1ª ed. aMadrid :bEdaf del Plata,c2007. a111 p. ;c18 cm.0 aBiblioteca Edaf ;vv. 151 a97884716688821 aCasona, Alejandro. a82-311.2 aC28 aCuentos fantásticos aAR-ClEAGcAR-ClEAG20241107184647.0AR-ClEAG